| 000 | 00000nam##2200000za#4500 |
| 001 | 9.571019 |
| 003 | CaOODSP |
| 005 | 20210624182523 |
| 007 | cr ||||||||||| |
| 008 | 150406|2006||||xxc|||||o f|0| 0 eng|d |
| 040 | |aCaOODSP|beng |
| 043 | |an-cn--- |
| 086 | 1 |aYC13-0/391-7E-PDF |
| 110 | 1 |aCanada. |bParliament. |bSenate. |bStanding Committee on National Finance. |
| 245 | 14|aThe horizontal fiscal balance : |h[electronic resource]|btowards a principled approach / |cThe Honourable Joseph A. Day, chair ; the Honourable Nancy Ruth, deputy chair. |
| 246 | 3 |aSeventh report |
| 260 | |aOttawa - Ontario : |bSenate. |cDecember 2006. |
| 300 | |a40p.|bgraph, references, tables |
| 490 | 1 |aReport of the Standing Senate Committee on National Finance|v[39th Parliament, 1st Session], 7th report |
| 500 | |aOn cover: Interim Report on the Committee's Study of the Fiscal Balance between the Different Levels of Government in Canada. |
| 590 | |a11-12-Supp|b2011-07-29 |
| 775 | 08|tL'équilibre fiscal horizontal : |w(CaOODSP)9.601662 |
| 830 | #0|aReport of the Standing Senate Committee on National Finance ;|v[39th Parliament, 1st Session], 7th report|w(CaOODSP)9.506412 |
| 856 | 40|ahttp://publications.gc.ca|qPDF|s188 KB|uhttps://publications.gc.ca/collections/collection_2011/sen/yc13-0/YC13-0-391-7-eng.pdf|y[39th Parliament, 1st Session], 7th report |